| 000 | 00468nam a2200145Ia 4500 | ||
|---|---|---|---|
| 008 | 220216s9999 xx 000 0 und d | ||
| 100 | _aMorman Kenneth N | ||
| 245 | 0 | _aApplication of finite-element analysis in the deisgn of automotive elastomeric components (1988 short reviews) | |
| 260 |
_bRubber Chemistry and Technology _c1988 |
||
| 300 | _a503-533 | ||
| 650 | _a1988 short reviews | ||
| 650 | _aFinite-element analysis | ||
| 700 | _aPan Tsung Y | ||
| 942 | _cJS | ||
| 999 |
_c54362 _d54362 |
||